| 000 | 02108nam a2200505 i 4500 | ||
|---|---|---|---|
| 001 | DIGUSTGIL0085 | ||
| 003 | NyNyDIG | ||
| 006 | m o d | ||
| 008 | 200614s2014 sp a ob 000 0 spa d | ||
| 007 | cr ||||||||||| | ||
| 035 | _a(OCoLC)1158488329 | ||
| 040 |
_aDGITA _beng _erda _epn _cDGITA |
||
| 020 |
_a9788425226366 _qeBook _qpdf |
||
| 020 |
_a8425226368 _qeBook _qpdf |
||
| 020 | _z9788425224522 | ||
| 020 | _z8425224527 | ||
| 041 | 1 |
_aspa _apor |
|
| 050 | 1 | 4 | _aTH4860 ebook |
| 100 | 1 |
_aWassouf, Micheel, _d1968- _eauthor. |
|
| 245 | 1 | 0 |
_aPassivhaus : _bde la casa pasiva al estándar : la arquitectura pasiva en climas cálidos = Da casa passiva à norma : a arquitectura passiva em climas quentes / _cMicheel Wassouf ; tradução, Carla Zollinger. |
| 246 | 3 | 0 | _aDe la casa pasiva al estándar |
| 246 | 3 | 1 | _aDa casa passiva à norma |
| 264 | 1 |
_aBarcelona : _bGG, Editorial Gustavo Gili, _c[2014] |
|
| 300 |
_a1 online resource : _billustrations. |
||
| 336 |
_atext _btxt _2rdacontent |
||
| 337 |
_acomputer _bc _2rdamedia |
||
| 338 |
_aonline resource _bcr _2rdacarrier |
||
| 347 |
_atext file _2rdaft |
||
| 347 | _bPDF | ||
| 504 | _aIncludes bibliographical references. | ||
| 546 | _aSpanish and Portuguese text in parallel columns. | ||
| 588 | 0 | _aOnline resource; title from PDF cover page (Digitalia, viewed June 14, 2020) | |
| 650 | 0 |
_aEcological houses _xDesign and construction. |
|
| 650 | 0 |
_aDwellings _xEnergy conservation. |
|
| 655 | 0 | _aElectronic books. | |
| 700 | 1 |
_aZollinger, Carla, _etranslator. |
|
| 700 | 1 | 2 |
_iContainer of (work): _aWassouf, Micheel, 1968- _tPassivhaus. |
| 700 | 1 | 2 |
_iContainer of (expression): _aWassouf, Micheel, 1968- _tPassivhaus. _lPortuguese _s(Zollinger) |
| 791 | 2 |
_aDigitalia (Firm), _edistributor. |
|
| 793 | 0 |
_gDigitalia eBook Collection: _aEditorial Gustavo Gili |
|
| 776 | 0 | 8 |
_iPrint version: _aWassouf, Micheel, 1968- _tPassivhaus. _dBarcelona : GG, ©2014 _z9788425224522 _w(OCoLC)883317278 |
| 856 | 4 | 0 |
_3Digitalia Hispánica _uhttps://www.digitaliapublishing.com/a/41363/ |
| 910 | _aPremium collection: 2020 | ||
| 942 | _cRAA | ||
| 999 |
_c246414 _d246414 |
||